ARRUPE JESUIT UNIVERSITY

CORONAVIRUS -STOP THE SPREAD - CLEAN,DISINFECT,COVER

Africa in the nineteenth century until the 1880s / (Record no. 130947)

MARC details
000 -LEADER
fixed length control field 01420cam a2200313 a 4500
001 - CONTROL NUMBER
control field 2950477
003 - CONTROL NUMBER IDENTIFIER
control field ARRUPE
005 - DATE AND TIME OF LATEST TRANSACTION
control field 20211026094838.0
008 - FIXED-LENGTH DATA ELEMENTS--GENERAL INFORMATION
fixed length control field 900614s1989 enka b 001 0 eng
010 ## - LIBRARY OF CONGRESS CONTROL NUMBER
LC control number 90166017
020 ## - INTERNATIONAL STANDARD BOOK NUMBER
International Standard Book Number 0520039173 (University of California Press)
040 ## - CATALOGING SOURCE
Original cataloging agency DLC
Transcribing agency DLC
Modifying agency DLC
043 ## - GEOGRAPHIC AREA CODE
Geographic area code f------
050 00 - LIBRARY OF CONGRESS CALL NUMBER
Classification number DT20
Item number .G45 1981 vol. 6
Classification number DT28
082 00 - DEWEY DECIMAL CLASSIFICATION NUMBER
Classification number 960/.23
Edition number 20
300 ## - PHYSICAL DESCRIPTION
Other physical details ill. ;
Dimensions 25 cm.
245 00 - TITLE STATEMENT
Title Africa in the nineteenth century until the 1880s /
Statement of responsibility, etc editor, J.F. Ade Ajayi.
260 ## - PUBLICATION, DISTRIBUTION, ETC. (IMPRINT)
Place of publication, distribution, etc Jordin Hill, Oxford :
Name of publisher, distributor, etc Heinemann ;
Place of publication, distribution, etc Berkeley, Calif., U.S.A. :
Name of publisher, distributor, etc University of California Press ;
Place of publication, distribution, etc Paris :
Name of publisher, distributor, etc Unesco,
Date of publication, distribution, etc 1989.
300 ## - PHYSICAL DESCRIPTION
Extent xxxi, 861 p. :
440 #0 - SERIES STATEMENT/ADDED ENTRY--TITLE
Title General history of Africa ;
Volume number/sequential designation 6
9 (RLIN) 50604
500 ## - GENERAL NOTE
General note At head of title: UNESCO International Scientific Committee for the drafting of a General History of Africa.
504 ## - BIBLIOGRAPHY, ETC. NOTE
Bibliography, etc Includes bibliographical references (p. 797-831) and index.
651 #0 - SUBJECT ADDED ENTRY--GEOGRAPHIC NAME
Geographic name Africa
General subdivision History
Chronological subdivision 19th century.
9 (RLIN) 6127
700 1# - ADDED ENTRY--PERSONAL NAME
Personal name Ajayi, J. F. Ade.
9 (RLIN) 3821
710 2# - ADDED ENTRY--CORPORATE NAME
Corporate name or jurisdiction name as entry element Unesco.
Subordinate unit International Scientific Committee for the Drafting of a General History of Africa.
9 (RLIN) 50605
856 42 - ELECTRONIC LOCATION AND ACCESS
Materials specified Publisher description
Uniform Resource Identifier <a href="http://www.loc.gov/catdir/description/ucal041/90166017.html">http://www.loc.gov/catdir/description/ucal041/90166017.html</a>
906 ## - LOCAL DATA ELEMENT F, LDF (RLIN)
a 7
b cbc
c orignew
d 3
e ncip
f 19
g y-gencatlg
942 ## - ADDED ENTRY ELEMENTS (KOHA)
Source of classification or shelving scheme Library of Congress Classification
Koha item type Monograph ( Printed materials)
Holdings
Withdrawn status Lost status Source of classification or shelving scheme Damaged status Not for loan Collection code Home library Current library Shelving location Date acquired Total Checkouts Full call number Barcode Date last seen Price effective from Koha item type
    Library of Congress Classification     Main Collection ARRUPE LIBRARY ARRUPE LIBRARY Main Collection 26/10/2021   DT20 .G45 1981 vol. 6 DT28 46600006909 26/10/2021 26/10/2021 Monograph ( Printed materials)

 

Arrupe Library. PO Box MP320 Mt Pleasant, Harare, Zimbabwe
263 242 745411|librarian@aju.ac.zw